History Quiz

Random History or Politics Quiz

World Leaders by First Names Quiz Stats

 Plays Quiz Updated Nov 4, 2018

Score 0/24 Timer 05:00
2 Plays Today
% Correct
FIDEL Castro
(Cuba)
92.9%
GEORGE W. Bush
(United States)
92.8%
NELSON Mandela
(South Africa)
92%
ANGELA Merkel
(Germany)
91.7%
THERESA May
(United Kingdom)
87.5%
MUAMMAR Gaddafi
(Libya)
86.3%
BORIS Yeltsin
(Russia)
83.4%
SHINZŌ Abe
(Japan)
81%
HUGO Chávez
(Venezuela)
78.1%
BENJAMIN Netanyahu
(Israel)
77.4%
MAHMOUD Ahmadinejad
(Iran)
77.3%
NICOLAS Sarkozy
(France)
77.1%
% Correct
INDIRA Gandhi
(India)
77%
GOODLUCK Jonathan
(Nigeria)
76.7%
TONY Abbott
(Australia)
75.7%
STEPHEN Harper
(Canada)
73.5%
SILVIO Berlusconi
(Italy)
73.4%
ROBERT Mugabe
(Zimbabwe)
71.7%
YULIA Tymoshenko
(Ukraine)
71.5%
BENAZIR Bhutto
(Pakistan)
70.4%
CRISTINA Fernández de
Kirchner (Argentina)
66.7%
DILMA Rousseff
(Brazil)
65.9%
RECEP TAYYIP Erdoğan
(Turkey)
62.2%
RODRIGO Duterte
(Philippines)
55.6%

You're not logged in!

Compare scores with friends on all Sporcle quizzes.
OR
Log In

Show Comments

Extras

Top Quizzes Today


Score Distribution

Your Account Isn't Verified!

In order to create a playlist on Sporcle, you need to verify the email address you used during registration. Go to your Sporcle Settings to finish the process.

Report this User

Report this user for behavior that violates our Community Guidelines.

Details: